| 000 | 00675nam a2200193Ia 4500 | ||
|---|---|---|---|
| 003 | GCL | ||
| 008 | 140319s9999 xx 000 0 ara d | ||
| 040 |
_aGCL / _cGCL |
||
| 082 | 0 | 4 |
_a398.08 _bم ك |
| 100 | 1 | _aحسن عاصى | |
| 245 | 1 | 0 |
_aكشف الاسرار عن حكم الطيور والازهار / _cحسن عاصى |
| 700 | 1 | _aابن غانم : عز الدين عبد السلام بن احمد المقدسى | |
| 300 | _a268 ص | ||
| 490 |
_aالامثال والحكم فى اداب الشعوب والامم _v0 |
||
| 650 | 0 | 4 | _aالادب الشعبى |
| 650 | 0 | 4 | _aالقصص الشعبية |
| 650 | 0 | 4 | _aالامثال الشعبية |
| 942 |
_2ddc _cBK |
||
| 999 |
_c43917 _d43917 |
||